LEADER 01121aam a2200265 i 4500 001 991002885479707536 008 160211s2008 it 001 0 ita 020 $a9788815125606 020 $a8815125604 035 $ab1424858x-39ule_inst 040 $aDip.to di Storia, Società e Studi sull'Uomo$bita 082 04$a948.903 100 1 $aBorioni, Paolo$0150648 245 10$aSolo il re ha il potere delle armi :$bCopenaghen, 18 ottobre 1660: gli Stati generali di Danimarca e l'instaurazione dell'assolutismo monarchico /$cPaolo Borioni 260 $aBologna :$bIl mulino,$c2008 300 $a207 p. ;$c22 cm. 440 3$aLe grandi date della storia costituzionale ;$v7 650 4$aMonarchia$zDanimarca$xStoria$ySec. 17. 651 4$aDanimarca$xCostituzioni politiche$ySec. 17. 907 $a.b1424858x$b12-02-16$c11-02-16 912 $a991002885479707536 945 $aLE023 948.903 BOR 1 1 $g1$i2023000141786$lle023$og$pE18.50$q-$rl$s- $t0$u0$v0$w0$x0$y.i15711651$z11-02-16 996 $aSolo il re ha il potere delle armi$9254753 997 $aUNISALENTO 998 $ale023$b12-02-16$cm$da $e-$fita$git $h0$i0 LEADER 01737nas 2200517- 450 001 9910132346603321 005 20241204163807.0 011 $a2029-9966 035 $a(OCoLC)895007140 035 $a(CKB)3710000000257128 035 $a(CONSER)--2015261006 035 $a(DE-599)ZDB2818530-4 035 $a(EXLCZ)993710000000257128 100 $a20141111a20139999 --- - 101 0 $aeng 135 $aur||||||||||| 181 $ctxt$2rdacontent 182 $cc$2rdamedia 183 $acr$2rdacarrier 200 00$aComputational science and techniques 210 1$aKlaipeda, Lithuania :$cKlaipeda University,$d2013- 215 $a1 online resource 300 $aSome issues also have distinctive titles. 300 $aRefereed/Peer-reviewed 531 0 $aComput. sci. tech. 606 $aComputer science$vPeriodicals 606 $aComputational complexity$vPeriodicals 606 $aMathematical models$vPeriodicals 606 $aLife sciences$xData processing$vPeriodicals 606 $aComputational complexity$2fast$3(OCoLC)fst00871991 606 $aComputer science$2fast$3(OCoLC)fst00872451 606 $aLife sciences$xData processing$2fast$3(OCoLC)fst00998329 606 $aMathematical models$2fast$3(OCoLC)fst01012085 608 $aPeriodicals.$2fast 615 0$aComputer science 615 0$aComputational complexity 615 0$aMathematical models 615 0$aLife sciences$xData processing 615 7$aComputational complexity. 615 7$aComputer science. 615 7$aLife sciences$xData processing. 615 7$aMathematical models. 906 $aJOURNAL 912 $a9910132346603321 996 $aComputational science and techniques$92124719 997 $aUNINA